NCAA Women's Basketball Champions - Statistics

General Stats
  • This quiz has been taken 2,026 times
    40 since last reset
  • The average score is 31 of 44
Answer Stats
Year Champion % Correct
2002 Connecticut
97%
2003 Connecticut
97%
2004 Connecticut
97%
2009 Connecticut
97%
2010 Connecticut
97%
2013 Connecticut
97%
2014 Connecticut
97%
2015 Connecticut
97%
2016 Connecticut
97%
2025 UConn
97%
1995 Connecticut
93%
2000 Connecticut
93%
2026 UCLA
90%
2017 South Carolina
83%
2022 South Carolina
83%
2024 South Carolina
83%
1986 Texas
77%
2023 LSU
73%
1987 Tennessee
73%
1989 Tennessee
73%
1991 Tennessee
73%
1996 Tennessee
73%
1997 Tennessee
73%
1998 Tennessee
73%
2007 Tennessee
73%
2008 Tennessee
73%
1983 USC
67%
1984 USC
67%
1994 North Carolina
60%
2001 Notre Dame
60%
2018 Notre Dame
60%
2005 Baylor
57%
2012 Baylor
57%
2019 Baylor
57%
1990 Stanford
57%
1992 Stanford
57%
2021 Stanford
57%
2006 Maryland
50%
2011 Texas A&M
43%
1982 Louisiana Tech
40%
1988 Louisiana Tech
40%
1999 Purdue
33%
1985 Old Dominion
30%
1993 Texas Tech
27%
No matching quizzes found
Score Distribution
Percent of People with Each Score
Percentile by Number Answered
Your Score History
You have not taken this quiz since the last reset